Instrumentos musicais (Registo nº 39)
[ vista simples ]
| 000 -Etiqueta do registo | |
|---|---|
| Cabeçalho | 00845cam a2200325 4500 |
| 005 - Identificador da versão | |
| Campo de controlo | 20240813121753.0 |
| 010 ## - Número internacional normalizado dos livros (ISBN) | |
| Número (ISBN) | 972310637X |
| 021 ## - Número do Depósito Legal | |
| Código do país | PT |
| Número | 133735/99 |
| 035 ## - Other System Control Numbers | |
| System Control Number | 0000042 |
| System Control Number | 0000042 |
| System Control Number | 0000042 |
| System Control Number | 0000042 |
| 100 ## - Dados gerais de processamento | |
| Dados gerais de processamento | 20000525d1999 m y0pory5003 ba |
| 102 ## - Pais de publicação ou produção | |
| País de publicação | Portugal |
| 101 0# - Língua de publicação | |
| Língua do texto, banda sonora, etc. | Português |
| 106 ## - Campo de dados codificados: material textual | |
| Dados codificados do material textual | r |
| 105 ## - Campo de dados codificados: livros | |
| Dados codificados dos livros | a z 001yy |
| 215 ## - Descrição física | |
| Indicação específica da natureza do documento e extensão da espécie | 474, [1] p., XLVIII p. il. |
| Outras indicações físicas | il. |
| Dimensões | 23 cm |
| 200 1# - Titulo e menção de responsabilidade | |
| Título próprio | Instrumentos musicais |
| Primeira menção de responsabilidade | Luís Henrique |
| 205 ## - Menção da edição | |
| Menção da edição | 3ª ed |
| 210 ## - Publicação, Distribuição, etc. | |
| Lugar da edição, distribuição, etc. | Lisboa |
| Nome do editor, distribuidor, etc. | Fundação Calouste Gulbenkian |
| Data da publicação, distribuição, etc. | 1999 |
| 606 ## - Nome comum usado como assunto | |
| Número de registo de entrada de autoridade | 0000112 |
| Palavra de ordem | Instrumentos musicais |
| Código do sistema | SIPOR |
| 675 ## - Classificação Decimal Universal (CDU) | |
| Notação | 78 |
| Edição | BN |
| Língua da edição | por |
| Notação | 681.81 |
| Edição | BN |
| Língua da edição | por |
| 700 ## - Nome de autor-pessoa física (responsabilidade principal) | |
| Número de registo de entrada de autoridade | 0000115 |
| Palavra de ordem | Henrique |
| Outra parte do nome não tomada para palavra de ordem | Luís |
| Datas | 1951- |
| 966 ## - Identificação da Biblioteca | |
| Sigla | NUMETECA |
| 942 ## - Elementos de entrada adicionados (Koha) | |
| Tipo de item no Koha | Livro |
| Situação do levantamento | Origin of item (home branch) (coded) | Biblioteca de empréstimo | Código de barras | Cota | Circulation type (not for loan) | Tipo de documento | Nota do exemplar | Damaged status |
|---|---|---|---|---|---|---|---|---|
| Biblioteca Escolar Eng. Nuno Mergulhão | Biblioteca Escolar Eng. Nuno Mergulhão | BENM588 | 78MUS HEN | Livro | Sem mensagem |
